|
|
|
|
| LEADER |
01217nam a22003014a 4500 |
| 001 |
4827 |
| 003 |
BD-DhAAL |
| 005 |
20150315121136.0 |
| 008 |
150315m20042008dcua b i000 0 eng |
| 010 |
|
|
|a 2003066136
|
| 020 |
|
|
|a 0821357573
|
| 040 |
|
|
|a DLC
|c DLC
|d DLC
|d BD-DhAAL
|
| 050 |
0 |
0 |
|a RA643.86.A35
|b E385 2004
|
| 082 |
0 |
0 |
|a 616.97/9205/096
|2 22
|
| 245 |
0 |
2 |
|a A sourcebook of HIV/AIDS prevention programs /
|c edited by Alexandria Valerio, Don Bundy.
|
| 260 |
|
|
|a Washington, DC :
|b World Bank,
|c 2004-c2008.
|
| 300 |
|
|
|a 2 v. :
|b ill. ;
|c 28 cm.
|
| 490 |
|
|
|a v. 1: Africa Region human development series
|
| 504 |
|
|
|a Includes bibliographical references.
|
| 505 |
0 |
|
|a v. 1. Education and HIV/AIDS -- v. 2. Education sector-wide approaches / edited by Michael Beasley, Alexandria Valerio, Donald A.P. Bundy.
|
| 541 |
|
|
|e 4827
|
| 650 |
|
0 |
|a AIDS (Disease)
|z Africa
|x Prevention.
|9 9681
|
| 700 |
1 |
|
|a Valerio, Alexandria,
|d 1968-
|9 9682
|
| 700 |
1 |
|
|a Bundy, Donald A. P.
|9 9683
|
| 700 |
1 |
|
|a Beasley, Michael,
|d 1968-
|9 9684
|
| 942 |
|
|
|2 ddc
|c BK
|
| 999 |
|
|
|c 34051
|d 34051
|
| 952 |
|
|
|0 0
|1 0
|2 ddc
|4 0
|6 616_979205096000000_SOU
|7 0
|9 53142
|a SCL
|b SCL
|c GEN
|d 2015-03-15
|l 0
|o 616.979205096 SOU
|p 3020004827
|r 2015-03-15
|t 1
|w 2015-03-15
|y BK
|